000 02172nam a2200217Ia 4500
003 OSt
005 20250127124914.0
008 210210b1994 xxu||||| |||| 00| 0 eng d
040 _cAL
041 _aKannada
082 _a158.1K YANO
100 _aYANDAMURI VIRENDRANATH.
_d ಯಂಡಮೂರಿ ವೀರೇಂದ್ರನಾಥ್
_9195620
245 _aO henne, nineshtu olleyavalu.
_bಓ ಹೆಣ್ಣೇ ನೀನೆಷ್ಟು ಒಳ್ಳೆಯವಳು
260 _aHubballi
_bSahitya Prakashana
_c1994
300 _a144
520 _aಹೆಣ್ಣಿನ ಅಂತರಾಳದ ಪಿಸುಮಾತುಗಳು ಗಂಡಿಗೆ ಎಷ್ಟು ಗೊತ್ತಿರುತ್ತದೆ? ಎಂಬ ಪ್ರಶ್ನೆ ಒಂದು ಕಡೆ. ಹೊಟ್ಟೆ ಹೊರೆಯಲು ಒಂದು ಹುದ್ದೆ ಹಿಡಿದು ಉನ್ನತ ಸ್ಥಾನಕ್ಕೆ ಮೇಲೇರುವಾಗ ಮಹಿಳೆಯನ್ನು ಹತ್ತಿಕ್ಕಲು ನೋಡುವ ಪುರುಷ ಸಮಾಜಕ್ಕೆ ಇಲ್ಲಿಯ ಕತಾನಾಯಕಿ ದಿಟ್ಟತನದಿಂದ ಗೆದ್ದು ಬದುಕುವ ಕಥಾ ಹೂರಣ ಓದುಗರನ್ನು ರೋಚಕತೆಯ ಅಂಚಿಗೆ ಕರೆದೊಯ್ಯುತ್ತದೆ. “ಈ ಪ್ರಪಂಚದಲ್ಲಿ ಸುಖವಾದ ಸಂಸಾರಕ್ಕಿಂತ ಆನಂದಕರವಾದದ್ದು ಮತ್ತೇನೂ ಇಲ್ಲ. ಯಾರೇ ಆದರೂ ಪ್ರಯತ್ನಿಸಬೇಕಾಗಿರುವುದು ಇದಕ್ಕಾಗಿಯೇ” - ಇಂತಹ ಸೂಕ್ತಿಗಳು ಕಾದಂಬರಿಯ ಸೊಗಸನ್ನು ಮತ್ತಷ್ಟು ಹೆಚ್ಚಿಸುತ್ತವೆ. ಲೇಖಕ ರುದ್ರಸಪ್ನ ಮತ್ತು ಈರಣ್ಣ ಜಿ. ಅವರು ಈ ಕಾದಂಬರಿಯನ್ನು ಕನ್ನಡಕ್ಕೆ ಅನುವಾದಿಸಿದ್ದಾರೆ.
690 _aApplied Psychology
_9195631
700 _aRudrasvapna & Ji Iranna.
_dರುದ್ರಸ್ವಪ್ನ ಮತ್ತು ಜಿ ಈರಣ್ಣ Tr.
_9195632
906 _a048514
942 _2ddc
_cBK
999 _c97446
_d97446